| 000 | 01335nam a22003377a 4500 | ||
|---|---|---|---|
| 001 | 280 | ||
| 003 | FISKH | ||
| 005 | 20240228143615.0 | ||
| 008 | 230314b cb ||||| |||| 00| 0 eng d | ||
| 020 | _a9781405266062 | ||
| 040 |
_aDLC _cDLC _dDLC _dFISKH _beng |
||
| 042 | _alcac | ||
| 050 | 0 | 0 |
_aPZ7.S6795 _bBad 1999 |
| 082 | 0 | 0 |
_a813.54 _221 |
| 100 | 1 | _aSnicket, Lemony. | |
| 245 | 1 | 4 |
_aThe bad beginning / _cby Lemony Snicket ; illustrations by Brett Helquist. |
| 260 |
_aNew York : _bEgmont _c2001 |
||
| 300 |
_a162 pages : _billustrations, _c19 cm. |
||
| 490 | 1 |
_aA series of unfortunate events ; _vbk. 1 |
|
| 520 | _aAfter the sudden death of their parents, the three Baudelaire children must depend on each other and their wits when it turns out that the distant relative who is appointed their guardian is determined to use any means necessary to get their fortune. | ||
| 521 | 8 |
_a1010
_bLexile |
|
| 521 | 8 |
_aU
_bRaz-Plus |
|
| 650 | 1 |
_aOrphans _vFiction. |
|
| 650 | 1 |
_aBrothers and sisters _vFiction. |
|
| 650 | 1 | _aHumorous stories. | |
| 700 | 1 |
_aHelquist, Brett, _eill. |
|
| 800 | 1 |
_aSnicket, Lemony. _tSeries of unfortunate events ; _vbk. 1. |
|
| 856 | 4 | 2 |
_3Publisher description _uhttp://www.loc.gov/catdir/description/hc043/99014750.html |
| 906 |
_a7 _bcbc _corignew _d1 _eocip _f19 _gy-gencatlg |
||
| 942 |
_2lcc _cBK _n0 |
||
| 999 |
_c280 _d280 |
||